| 000 | 00599nam a2200229 a 4500 | ||
|---|---|---|---|
| 001 | 000022701 | ||
| 003 | DO-SdBNP | ||
| 005 | 20220711112342.0 | ||
| 007 | 000022701 | ||
| 008 | 101115s 19uu xxu 000 f spa d | ||
| 040 |
_aBPMSU _bspa _cBPMSU |
||
| 082 |
_aV863.42 _bG166d _222 |
||
| 100 | 1 |
_aGallegos, Rómulo, _d1884-1969 |
|
| 245 | 1 | 0 |
_aDoña Barbara / _cRómulo Gallegos. |
| 260 |
_a[s.l. ] : _b[s. n. ], _c190-?]. |
||
| 300 |
_a84 p. ; _c22 cm. |
||
| 590 | _6Inventariado,2022/VM | ||
| 650 | 4 | _aNovela venezolana | |
| 650 | 4 | _aLiteratura venezolana | |
| 910 | _aVMateo V. | ||
| 942 |
_2ddc _cBK |
||
| 999 |
_c8263 _d8263 |
||